书目信息 |
| 题名: |
肯定和否定的对称与不对称
|
|
| 作者: | 石毓智 著 | |
| 分册: | ||
| 出版信息: | 北京 北京语言文化大学出版社 2001 |
|
| 页数: | 376页 | |
| 开本: | 20cm | |
| 丛书名: | 新世纪语言学与应用语言学丛书 | |
| 单 册: | ||
| 中图分类: | H04 | |
| 科图分类: | ||
| 主题词: | 语法学--研究 | |
| 电子资源: | ||
| ISBN: | 7-5619-0937-3 | |
| 000 | 00722nam2 2200241 45 | |
| 001 | 0312291579 | |
| 005 | 20031229153911.0 | |
| 010 | @a7-5619-0937-3@dCNY25.00 | |
| 100 | @a20031229d2001 km y0chiy0120 ea | |
| 101 | 0 | @achi |
| 105 | @a z 000yy | |
| 200 | 1 | @a肯定和否定的对称与不对称@AKen Ding He Fou Ding De Dui Chen Yu Bu Dui Cheng@f石毓智著@FShi Yu Zhi Zhu |
| 205 | @a增订本 | |
| 210 | @a北京@c北京语言文化大学出版社@d2001 | |
| 215 | @a376页@d20cm | |
| 225 | @a新世纪语言学与应用语言学丛书 | |
| 300 | @a附:大师的感觉 | |
| 410 | @12001 @a新世纪语言学与应用语言学丛书 | |
| 606 | 0 | @a语法学@x研究 |
| 690 | @aH04@v4 | |
| 701 | 0 | @a石毓智@4著 |
| 801 | @aCN@bTSTC@c20031229 | |
| 905 | @b330671-675@dH04@e43=2@f5 | |
| 肯定和否定的对称与不对称/石毓智著.-增订本.-北京:北京语言文化大学出版社,2001 |
| 376页;20cm.-(新世纪语言学与应用语言学丛书) |
| 附:大师的感觉 |
| ISBN 7-5619-0937-3:CNY25.00 |
| ● |
| 相关链接 |
|
|
|
|
正题名:肯定和否定的对称与不对称
索取号:H04/43=2
 
预约/预借
| 序号 | 登录号 | 条形码 | 馆藏地/架位号 | 状态 | 备注 |
| 1 | 0330671 | 203306715 | 第四借阅区/ [索取号:H04/43=2] | 在馆 | |
| 2 | 0330672 | 203306724 | 第四借阅区/ [索取号:H04/43=2] | 在馆 | |
| 3 | 0330673 | 203306733 | 第四借阅区/ [索取号:H04/43=2] | 在馆 | |
| 4 | 0330674 | 203306742 | 第四借阅区/ [索取号:H04/43=2] | 在馆 | |
| 5 | 0330675 | 203306751 | 第二样本阅览室/ [索取号:H04/43=2] | 在馆 |